[Event "Open A"]
[Site "Panevezys"]
[Date "2008.08.13"]
[Round "3.10"]
[White "Stalemekas, Ernestas"]
[Black "Rumiancev, Boris"]
[Result "0-1"]
[WhiteElo "2151"]
[BlackElo "2153"]
[PlyCount "116"]
[EventDate "2008.08.12"]

1. d4 c5 2. d5 e5 3. e4 d6 4. Bd3 Nf6 5. c4 Be7 6. Nc3 O-O 7. h3 Na6 8. a3 Nc7
9. f4 Nd7 10. Nf3 Bh4+ 11. Kf1 exf4 12. Bxf4 Be7 13. Qc2 f6 14. e5 fxe5 15.
Bxh7+ Kh8 16. Be3 Bg5 17. Ke2 Bxe3 18. Kxe3 Qf6 19. Bd3 Qh6+ 20. Ke2 Nf6 21. g4
e4 22. Nxe4 Nxe4 23. Bxe4 Bd7 24. Raf1 Rae8 25. Kd1 Rxe4 26. Qxe4 Ba4+ 27. Ke2
Re8 28. Ne5 Kg8 29. Qf4 Rxe5+ 30. Kf3 Qh4 31. Kg2 Bc2 32. Rh2 Ne8 33. Kg1 Be4
34. Re2 Nf6 35. Rfe1 Rf5 36. Qh2 Rf3 37. Rxe4 Rg3+ 38. Kf1 Nxe4 39. Rxe4 Rxh3
40. Qf4 Rh1+ 41. Ke2 Qe1+ 42. Kd3 Qd1+ 43. Kc3 Rh3+ 44. Re3 Rxe3+ 45. Qxe3 Qxg4
46. b4 b6 47. bxc5 bxc5 48. Qe7 Qg3+ 49. Kc2 g5 50. Qxa7 Qf4 51. Qb8+ Kg7 52.
Qc7+ Kg6 53. Kb3 g4 54. Qe7 g3 55. Qe8+ Kg5 56. Qg8+ Kh4 57. Qh7+ Kg4 58. Qg6+
Kf3 0-1

[Event "Open A"]
[Site "Panevezys"]
[Date "2008.08.13"]
[Round "3.11"]
[White "Janusaitis, Mindaugas"]
[Black "Narmontas, Raimondas"]
[Result "1/2-1/2"]
[WhiteElo "1939"]
[BlackElo "2148"]
[PlyCount "130"]
[EventDate "2008.08.12"]

1. e4 c5 2. Nf3 e6 3. d4 cxd4 4. Nxd4 Nf6 5. Nc3 Qb6 6. Qd3 Bc5 7. Be3 Ng4 8.
O-O-O Nxe3 9. fxe3 a6 10. Na4 Qa5 11. Nxc5 Qxc5 12. Nb3 Qc7 13. Be2 Nc6 14. Qd6
Qxd6 15. Rxd6 Ke7 16. Rhd1 b6 17. Bf3 Ra7 18. e5 Nxe5 19. Rxb6 Nxf3 20. gxf3
Rc7 21. Rb8 h5 22. Kb1 Rh6 23. Rg1 Kf6 24. Nd2 d5 25. f4 Rg6 26. Rxg6+ Kxg6 27.
e4 Bb7 28. exd5 Bxd5 29. Rb6 Kf5 30. Rb4 Kg4 31. c4 Bg2 32. Rb3 h4 33. Rc3 Kxf4
34. b4 g5 35. a4 g4 36. c5 g3 37. hxg3+ hxg3 38. b5 axb5 39. axb5 Rb7 40. b6
Bc6 41. Nc4 g2 42. Rc1 Kg3 43. Ne5 Be4+ 44. Kb2 f6 45. Nc4 Kh2 46. Nd6 Bc6 47.
Nxb7 Bxb7 48. Kc3 g1=Q 49. Rxg1 Kxg1 50. Kb4 Bc6 51. Ka5 e5 52. Ka6 e4 53. b7
Bxb7+ 54. Kxb7 e3 55. c6 e2 56. c7 e1=Q 57. c8=Q Qe4+ 58. Ka7 f5 59. Qc1+ Kf2
60. Qd2+ Qe2 61. Qf4+ Qf3 62. Qd2+ Kg3 63. Qg5+ Kh3 64. Qh6+ Kg2 65. Qg5+ Kh1
1/2-1/2

[Event "Open A"]
[Site "Panevezys"]
[Date "2008.08.13"]
[Round "3.12"]
[White "Zilinskas, Vaidas"]
[Black "Barsciauskas, Gintautas"]
[Result "1/2-1/2"]
[WhiteElo "2147"]
[BlackElo "1920"]
[PlyCount "82"]
[EventDate "2008.08.12"]

1. e4 d6 2. d4 Nd7 3. Nf3 e5 4. Bc4 c6 5. c3 b5 6. Bb3 Bb7 7. O-O Be7 8. a4 a6
9. axb5 axb5 10. Rxa8 Bxa8 11. Qe2 Ngf6 12. Rd1 Qb8 13. Nh4 O-O 14. Nf5 Re8 15.
Rd3 d5 16. Rg3 g6 17. Nxe7+ Rxe7 18. exd5 Nxd5 19. Bxd5 cxd5 20. Re3 e4 21. Rh3
f5 22. Bg5 Rf7 23. Qd2 f4 24. Rh4 f3 25. Rf4 fxg2 26. Kxg2 Qf8 27. Rxf7 Qxf7
28. Qf4 Qxf4 29. Bxf4 Kf7 30. f3 Ke6 31. Na3 Bc6 32. Nc2 Nf6 33. Be5 exf3+ 34.
Kxf3 Ne4 35. Bf4 Be8 36. h4 Nd6 37. Bxd6 Kxd6 38. Kf4 h6 39. Ne3 Bd7 40. Ng2
Bh3 41. Ne3 Bd7 1/2-1/2

[Event "Open A"]
[Site "Panevezys"]
[Date "2008.08.13"]
[Round "3.14"]
[White "Grigaliunas, Sigitas"]
[Black "Ralys, Vincas"]
[Result "1-0"]
[WhiteElo "2113"]
[BlackElo "1841"]
[PlyCount "129"]
[EventDate "2008.08.12"]

1. e4 e5 2. Nf3 Nc6 3. Bb5 a6 4. Bxc6 dxc6 5. O-O Qd6 6. d4 Bg4 7. dxe5 Bxf3 8.
exd6 Bxd1 9. d7+ Kxd7 10. Rxd1+ Kc8 11. Bg5 Be7 12. Bxe7 Nxe7 13. Nc3 b6 14.
Rd2 Kb7 15. Rad1 Ng6 16. g3 Ne5 17. Re2 Rad8 18. f4 Nf3+ 19. Kg2 Nd4 20. Red2
Ne6 21. f5 Rxd2+ 22. Rxd2 Rd8 23. Rxd8 Nxd8 24. e5 c5 25. Ne4 Kc6 26. Kf3 Kd5
27. Kf4 Nc6 28. Nc3+ Kd4 29. e6 fxe6 30. fxe6 b5 31. g4 b4 32. Ne4 Kd5 33. Ng5
h6 34. Ne4 g5+ 35. Ke3 c4 36. Nf6+ Kxe6 37. Ng8 Ne5 38. Nxh6 c5 39. h3 Ng6 40.
Nf5 Nf4 41. h4 Ng2+ 42. Kf3 Ne1+ 43. Kf2 Nxc2 44. h5 Kf6 45. Nd6 b3 46. axb3
cxb3 47. Ne4+ Kg7 48. Nxc5 Nb4 49. Ke2 Nc6 50. Kf2 Ne5 51. Kg3 Nc4 52. Nxa6
Nxb2 53. Nc5 Nc4 54. Nxb3 Nd6 55. Nc5 Ne8 56. Kf3 Nf6 57. Ne4 Nd7 58. Nxg5 Nf6
59. Ne4 Nd5 60. g5 Ne7 61. Kg4 Nd5 62. Nd6 Ne3+ 63. Kf4 Ng2+ 64. Ke5 Nh4 65.
Nf5+ 1-0

[Event "Open A"]
[Site "Panevezys"]
[Date "2008.08.13"]
[Round "3.15"]
[White "Silkus, Algirdas"]
[Black "Vaitonis, Vytautas"]
[Result "0-1"]
[WhiteElo "1897"]
[BlackElo "2078"]
[PlyCount "58"]
[EventDate "2008.08.12"]

1. e4 c5 2. Nf3 Nc6 3. d4 cxd4 4. Nxd4 Qb6 5. Nb3 Qc7 6. Nc3 e6 7. Be3 Nf6 8.
a3 Be7 9. Be2 O-O 10. O-O d6 11. Qe1 a6 12. Rd1 b5 13. f4 Bb7 14. Bf3 Nd7 15.
Qf2 Rab8 16. Rd2 Ba8 17. Rfd1 Nb6 18. Bxb6 Qxb6 19. Nd4 Nxd4 20. Qxd4 Qxd4+ 21.
Rxd4 Rfc8 22. R4d3 a5 23. a4 bxa4 24. f5 e5 25. f6 Bxf6 26. Rxd6 a3 27. Na4
axb2 28. Rb6 Rxb6 29. Nxb6 Rb8 0-1

[Event "Open A"]
[Site "Panevezys"]
[Date "2008.08.13"]
[Round "3.22"]
[White "Klabis, Rokas"]
[Black "Batkovskyte, Dominyka"]
[Result "0-1"]
[WhiteElo "1838"]
[BlackElo "1934"]
[PlyCount "114"]
[EventDate "2008.08.12"]

1. e4 e6 2. d4 d5 3. e5 c5 4. c3 Qb6 5. Nf3 Nc6 6. a3 Bd7 7. Be2 Rc8 8. b4 cxd4
9. cxd4 Nge7 10. O-O Nf5 11. Be3 Be7 12. Bd3 O-O 13. Bxf5 exf5 14. Qb3 Be6 15.
Rd1 Na5 16. Qa2 Nc4 17. Nbd2 Nxe3 18. fxe3 Rc3 19. Rac1 Rfc8 20. Qb2 Qc7 21.
Nb3 Rc2 22. Rxc2 Qxc2 23. Qxc2 Rxc2 24. Rc1 Rxc1+ 25. Nxc1 Bd7 26. Nd3 b6 27.
Kf2 h6 28. g3 a5 29. bxa5 bxa5 30. Nc5 Bb5 31. Ke1 Kf8 32. Kd2 Ke8 33. Kc3 Be2
34. Ng1 Bb5 35. Nf3 Bc6 36. Ne1 Kd8 37. Ned3 Kc7 38. Kb3 Bb5 39. Nf4 Kc6 40. e6
g5 41. Nfd3 a4+ 42. Kb2 Bxd3 43. exf7 Be4 44. Ne6 Kd6 45. f8=Q Bxf8 46. Nxf8 f4
47. gxf4 gxf4 48. exf4 Ke7 49. Kc3 Kxf8 50. Kb4 Bc2 51. Kc5 Bb3 52. Kd6 Kf7 53.
Ke5 Bc4 54. Kf5 Bd3+ 55. Ke5 Be4 56. f5 h5 57. f6 h4 0-1

[Event "Open A"]
[Site "Panevezys"]
[Date "2008.08.13"]
[Round "3.23"]
[White "Beinoraite, Viktorija"]
[Black "Pomaro, Stefano"]
[Result "1-0"]
[WhiteElo "2012"]
[BlackElo "1882"]
[PlyCount "47"]
[EventDate "2008.08.12"]

1. d4 f5 2. e4 fxe4 3. Nc3 Nf6 4. Bg5 Nc6 5. d5 Ne5 6. Qd4 Nf7 7. h4 g6 8.
O-O-O Bg7 9. Be2 O-O 10. Qe3 b5 11. Nh3 b4 12. Nxe4 a5 13. h5 Nxg5 14. Nhxg5 h6
15. hxg6 Ba6 16. Nf7 Rxf7 17. gxf7+ Kxf7 18. Nxf6 Bxe2 19. Qxe2 exf6 20. d6 Qh8
21. Qe7+ Kg6 22. Rd3 f5 23. Rg3+ Kh7 24. Rxh6+ 1-0

[Event "Open A"]
[Site "Panevezys"]
[Date "2008.08.13"]
[Round "3.24"]
[White "Kuvsinov, Anatolij"]
[Black "Januseviciute, Donata"]
[Result "1-0"]
[WhiteElo "1984"]
[BlackElo "1856"]
[PlyCount "83"]
[EventDate "2008.08.12"]

1. e4 c5 2. Nf3 Nc6 3. c3 d6 4. d4 cxd4 5. cxd4 Bg4 6. d5 Bxf3 7. Qxf3 Ne5 8.
Bb5+ Nd7 9. Nc3 a6 10. Ba4 b5 11. Bc2 Ngf6 12. O-O g6 13. Qe2 Bg7 14. f4 O-O
15. Be3 Nb6 16. Bd4 Rc8 17. a4 bxa4 18. Bd3 a5 19. Nxa4 Nfd7 20. Bxg7 Kxg7 21.
Nc3 Rc5 22. Bb5 Nb8 23. Ra2 Qc7 24. Rfa1 Nc4 25. Bxc4 Rxc4 26. Rxa5 Qb6+ 27.
Qf2 Qxf2+ 28. Kxf2 Rb4 29. Rb5 Rxb5 30. Nxb5 Nd7 31. Nc3 Nc5 32. Ke3 Rb8 33.
Ra2 Rb3 34. e5 dxe5 35. fxe5 Nd7 36. Ra7 Nxe5 37. Rxe7 Nc4+ 38. Kd4 Nxb2 39. d6
Rb4+ 40. Kd5 Nd3 41. d7 Rb8 42. Re8 1-0

[Event "Open A"]
[Site "Panevezys"]
[Date "2008.08.13"]
[Round "3.25"]
[White "Novikovas, Anatolijus"]
[Black "Zemlickas, Arunas"]
[Result "0-1"]
[WhiteElo "1900"]
[BlackElo "2095"]
[PlyCount "94"]
[EventDate "2008.08.12"]

1. d4 d5 2. Nf3 Bf5 3. c4 c6 4. Nc3 e6 5. e3 Nf6 6. cxd5 exd5 7. Be2 Nbd7 8.
O-O Bd6 9. a3 Qc7 10. b4 Ng4 11. h3 Nh2 12. Nxh2 Bxh2+ 13. Kh1 Nf6 14. Bb2 h5
15. Rc1 g5 16. Bd3 Be6 17. e4 Bf4 18. Ra1 Qc8 19. exd5 Bxh3 20. dxc6 Bg4 21. f3
bxc6 22. d5 Rh6 23. dxc6 Kf8 24. b5 Be6 25. Be4 Rb8 26. Qd4 h4 27. Nd5 Bxd5 28.
Bxd5 h3 29. g4 Rxb5 30. Be4 Qc7 31. Rad1 Kg7 32. Qd7 Rxb2 33. Qxc7 Bxc7 34. Bf5
Rb6 35. Rc1 Nd5 36. Bd7 h2 37. Rc5 Ne3 38. Re1 Rb2 39. Rxg5+ Kf8 40. Rc5 Rd6
41. Rh5 Rd1 42. Rxd1 Nxd1 43. f4 Ne3 44. Bf5 Bxf4 45. Be4 Ra2 46. Rb5 Ra1+ 47.
Bb1 Nd5 0-1

[Event "Open A"]
[Site "Panevezys"]
[Date "2008.08.13"]
[Round "3.26"]
[White "Kubilius, Jonas"]
[Black "Voroblievas, Arturas"]
[Result "1-0"]
[WhiteElo "2085"]
[BlackElo "1962"]
[PlyCount "137"]
[EventDate "2008.08.12"]

1. e4 e5 2. c4 Nf6 3. Nc3 Bb4 4. d3 c6 5. Nf3 d6 6. Be2 Bg4 7. Qb3 Bxc3+ 8.
Qxc3 Nbd7 9. O-O h6 10. b3 O-O 11. Ba3 Qc7 12. Rae1 Rfe8 13. Bd1 Nh5 14. Re3
Nf4 15. Rfe1 c5 16. h3 Be6 17. Kh2 Nf6 18. Ng1 Qd7 19. Bc1 b5 20. cxb5 Qxb5 21.
g3 Ng6 22. Bf3 a5 23. Bd1 d5 24. R3e2 Red8 25. Bc2 dxe4 26. dxe4 c4 27. f4 exf4
28. gxf4 cxb3 29. axb3 Rac8 30. Qe3 Qh5 31. Qg3 Bd7 32. f5 Ne7 33. Rg2 g5 34.
Bd1 g4 35. Bxg4 Nxg4+ 36. Qxg4+ Qxg4 37. Rxg4+ Kh7 38. Bb2 Rc2+ 39. Re2 Rxe2+
40. Nxe2 Rg8 41. Bf6 Rxg4 42. hxg4 Ng8 43. Bd8 a4 44. bxa4 Bxa4 45. Nc3 Bb3 46.
e5 Kg7 47. Kg3 Bc4 48. Kf4 Kf8 49. Bb6 Ke8 50. Bc5 Kd7 51. Bf8 Ke8 52. Bg7 Kd7
53. Ne4 Ba2 54. Nf6+ Nxf6 55. Bxf6 Bb3 56. Bg7 Ke8 57. Bxh6 Ke7 58. Bg7 Bc2 59.
Kg5 Bd1 60. Kf4 Bc2 61. Bf6+ Kd7 62. Bh4 Bd3 63. Be1 Bc2 64. Bb4 Bd3 65. g5 Bc2
66. g6 fxg6 67. e6+ Ke8 68. f6 g5+ 69. Kxg5 1-0

[Event "Open A"]
[Site "Panevezys"]
[Date "2008.08.13"]
[Round "3.27"]
[White "Bazevicius, Albertas"]
[Black "Zebelis, Rimantas"]
[Result "0-1"]
[WhiteElo "1898"]
[BlackElo "1994"]
[PlyCount "72"]
[EventDate "2008.08.12"]

1. d4 Nf6 2. c4 c5 3. d5 b5 4. cxb5 a6 5. b6 Qxb6 6. Nc3 d6 7. e4 g6 8. Nf3 Bg7
9. Be2 O-O 10. O-O Bg4 11. h3 Bc8 12. Nd2 Nbd7 13. Nc4 Qc7 14. Bd2 Nb6 15. Rc1
Nxc4 16. Bxc4 Bd7 17. a4 Rfb8 18. b3 Be8 19. f4 Nd7 20. Kh1 Nb6 21. Be2 e6 22.
a5 Nd7 23. Na4 exd5 24. exd5 f5 25. Qc2 Bf7 26. Bc4 Nf6 27. Nb6 Ra7 28. Rfe1
Ne4 29. Kh2 Qe7 30. Bd3 Re8 31. Re2 Qh4 32. Bxe4 Rxe4 33. Rxe4 fxe4 34. g3 Qf6
35. Re1 Re7 36. Rxe4 Qf5 0-1

[Event "Open A"]
[Site "Panevezys"]
[Date "2008.08.13"]
[Round "3.28"]
[White "Jankunas, Valentinas"]
[Black "Petuchovas, Robertas"]
[Result "1/2-1/2"]
[WhiteElo "1843"]
[BlackElo "1981"]
[PlyCount "58"]
[EventDate "2008.08.12"]

1. e4 e5 2. Nf3 Nf6 3. Nxe5 d6 4. Nf3 Nxe4 5. Qe2 Qe7 6. d3 Nf6 7. Bg5 Qxe2+ 8.
Bxe2 Be7 9. Nc3 Bg4 10. O-O Nbd7 11. Rfe1 h6 12. Bd2 O-O-O 13. Nd4 Bxe2 14.
Rxe2 Rhe8 15. Rae1 Bf8 16. Rxe8 Rxe8 17. Rxe8+ Nxe8 18. h3 g6 19. Kf1 Bg7 20.
Nf3 Nb6 21. b3 Kd7 22. Ke2 Nf6 23. d4 Nbd5 24. Nxd5 Nxd5 25. c4 Ne7 26. Kd3 c6
27. g4 Ke6 28. Ng1 f5 29. f3 a6 1/2-1/2

[Event "Open A"]
[Site "Panevezys"]
[Date "2008.08.13"]
[Round "3.29"]
[White "Kasela, Sten"]
[Black "Aleksandravicius, Darius"]
[Result "1-0"]
[WhiteElo "1979"]
[BlackElo "1835"]
[PlyCount "67"]
[EventDate "2008.08.12"]

1. d4 Nf6 2. c4 e6 3. Nc3 c5 4. Nf3 cxd4 5. Nxd4 d6 6. e4 Be7 7. Be2 a6 8. O-O
O-O 9. Kh1 Qc7 10. f4 b6 11. Bd3 Nbd7 12. Qe2 Bb7 13. Bd2 Rfe8 14. Rae1 Bf8 15.
Nf3 e5 16. f5 Bc6 17. Rg1 Nc5 18. Bb1 Qb7 19. Bg5 Be7 20. Bxf6 Bxf6 21. g4 Be7
22. g5 f6 23. Qd1 Rad8 24. b4 Nd7 25. b5 axb5 26. cxb5 Bxb5 27. Nxb5 d5 28.
Qxd5+ Qxd5 29. exd5 Nc5 30. d6 Bxd6 31. gxf6 Rf8 32. fxg7 Rf6 33. a4 Nb7 34.
Ba2+ 1-0

[Event "Open A"]
[Site "Panevezys"]
[Date "2008.08.14"]
[Round "4.1"]
[White "Kveinys, Aloyzas"]
[Black "Solodovnichenko, Yuri"]
[Result "1/2-1/2"]
[WhiteElo "2527"]
[BlackElo "2541"]
[PlyCount "38"]
[EventDate "2008.08.12"]

1. c4 Nf6 2. Nf3 c5 3. g3 b6 4. Bg2 Bb7 5. O-O e6 6. Nc3 Be7 7. d4 cxd4 8. Qxd4
d6 9. Bg5 O-O 10. Rfd1 Nc6 11. Qd2 Qb8 12. Bxf6 Bxf6 13. Qxd6 Qxd6 14. Rxd6 Na5
15. Nd2 Bxg2 16. Kxg2 Rfd8 17. Rxd8+ Rxd8 18. Nde4 Bxc3 19. Nxc3 Nxc4 1/2-1/2

[Event "Open A"]
[Site "Panevezys"]
[Date "2008.08.14"]
[Round "4.2"]
[White "Malisauskas, Vidmantas"]
[Black "Narmontas, Tauras"]
[Result "1/2-1/2"]
[WhiteElo "2476"]
[BlackElo "2256"]
[PlyCount "86"]
[EventDate "2008.08.12"]

1. c4 Nf6 2. Nc3 e5 3. Nf3 Nc6 4. e3 Bb4 5. Nd5 O-O 6. Nxb4 Nxb4 7. Nxe5 Re8 8.
Nf3 d5 9. a3 Nc6 10. d4 Bg4 11. c5 Ne4 12. Be2 Qf6 13. O-O g5 14. Ne1 Bxe2 15.
Qxe2 Qg6 16. Qc2 g4 17. Qb3 Qh5 18. Nd3 Na5 19. Qd1 Qh4 20. Nf4 c6 21. Rb1 b6
22. cxb6 axb6 23. Bd2 Nc4 24. Be1 Qg5 25. a4 Rac8 26. b3 Ncd6 27. Rc1 Nf5 28.
b4 Nfd6 29. h3 f5 30. b5 Nc4 31. g3 gxh3 32. Nxh3 Qh6 33. Nf4 Nf6 34. Qf3 cxb5
35. axb5 Ne5 36. dxe5 Ng4 37. Qxd5+ Kh8 38. Kg2 Qh2+ 39. Kf3 Rxc1 40. Ke2 Rxe5
41. Qd8+ Kg7 42. Qd7+ Kg8 43. Qd8+ Kf7 1/2-1/2

[Event "Open A"]
[Site "Panevezys"]
[Date "2008.08.14"]
[Round "4.3"]
[White "Malinin, Yuri"]
[Black "Garnelis, Julius"]
[Result "1/2-1/2"]
[WhiteElo "2353"]
[BlackElo "2166"]
[PlyCount "92"]
[EventDate "2008.08.12"]

1. d4 d5 2. c4 e6 3. Nc3 c6 4. Nf3 dxc4 5. e3 b5 6. a4 Bb4 7. Bd2 a5 8. axb5
Bxc3 9. Bxc3 cxb5 10. b3 Bb7 11. bxc4 b4 12. Bb2 Nf6 13. Bd3 O-O 14. O-O Nbd7
15. Nd2 Ra7 16. Bc2 Qc7 17. f4 Rfa8 18. e4 a4 19. Rxa4 Rxa4 20. Bxa4 Nxe4 21.
Nxe4 Bxe4 22. Bb3 Nb6 23. Qe1 Bd3 24. Rf3 Bxc4 25. Qxb4 Bxb3 26. Qxb3 Nd5 27.
f5 Rb8 28. Qa2 Qb6 29. fxe6 Qxe6 30. Ba1 h6 31. Rf1 Rc8 32. Qf2 Re8 33. Bb2 f6
34. h3 Kf7 35. Qf5 Qxf5 36. Rxf5 Re1+ 37. Kf2 Rf1+ 38. Kxf1 Ne3+ 39. Ke2 Nxf5
40. Kd3 Ke6 41. Ba3 Kd5 42. Bf8 h5 43. g4 hxg4 44. hxg4 Nh6 45. Bxg7 Nxg4 46.
Bxf6 Nxf6 1/2-1/2

[Event "Open A"]
[Site "Panevezys"]
[Date "2008.08.14"]
[Round "4.4"]
[White "Klimciauskas, Domantas"]
[Black "Savickas, Airidas"]
[Result "0-1"]
[WhiteElo "2222"]
[BlackElo "2351"]
[PlyCount "70"]
[EventDate "2008.08.12"]

1. e4 c5 2. Nf3 d6 3. d4 cxd4 4. Nxd4 Nf6 5. Nc3 g6 6. Be3 Bg7 7. f3 Nc6 8. Qd2
O-O 9. Bc4 Bd7 10. O-O-O Rb8 11. Bb3 Na5 12. Bh6 Bxh6 13. Qxh6 b5 14. h4 e5 15.
Nde2 b4 16. Nd5 Nxb3+ 17. axb3 Nxd5 18. Rxd5 Rb6 19. h5 g5 20. Rxd6 f6 21. Rhd1
Rxd6 22. Rxd6 Qe7 23. Rd2 a5 24. Ng3 Be6 25. Nf5 Bxf5 26. exf5 Ra8 27. Kd1 a4
28. bxa4 Rxa4 29. Ke2 Ra8 30. Rd3 Ra2 31. Rb3 Qc5 32. Rd3 Qxc2+ 33. Rd2 Rxb2
34. Rxc2 Rxc2+ 35. Ke3 Rc6 0-1

[Event "Open A"]
[Site "Panevezys"]
[Date "2008.08.14"]
[Round "4.6"]
[White "Dambrauskas, Virginijus"]
[Black "Grigaliunas, Sigitas"]
[Result "1-0"]
[WhiteElo "2341"]
[BlackElo "2113"]
[PlyCount "97"]
[EventDate "2008.08.12"]

1. d4 e6 2. c4 b6 3. e4 Bb7 4. Qc2 Nc6 5. Nf3 Nb4 6. Qe2 c5 7. d5 exd5 8. exd5+
Qe7 9. Be3 Nf6 10. a3 Na6 11. Nc3 Ng4 12. Bf4 Qxe2+ 13. Bxe2 d6 14. Nb5 Kd7 15.
Ng5 Nh6 16. Ne4 Nc7 17. Nexd6 Nxb5 18. Nxb5 a6 19. Nc3 Re8 20. O-O-O Bd6 21.
Bxh6 gxh6 22. Bg4+ Kd8 23. g3 Re5 24. f4 Re7 25. Rhe1 Rhe8 26. Kd2 Bc8 27. Bxc8
Kxc8 28. Rxe7 Rxe7 29. Re1 Kd7 30. Rxe7+ Bxe7 31. Nd1 Bf6 32. b3 b5 33. Kd3 Kd6
34. Ne3 h5 35. Nf5+ Kd7 36. h3 Bb2 37. a4 bxa4 38. bxa4 Bf6 39. Ke4 Bc3 40. Nh6
Ke7 41. Kf5 Be1 42. Kg5 Ke8 43. Nf5 h4 44. Kxh4 Kf8 45. Kg5 Bc3 46. Kh6 Kg8 47.
d6 Ba5 48. d7 f6 49. Nd6 1-0

[Event "Open A"]
[Site "Panevezys"]
[Date "2008.08.14"]
[Round "4.7"]
[White "Vaitonis, Vytautas"]
[Black "Labuckas, Aidas"]
[Result "1/2-1/2"]
[WhiteElo "2078"]
[BlackElo "2288"]
[PlyCount "105"]
[EventDate "2008.08.12"]

1. Nf3 d5 2. d4 Nf6 3. c4 e6 4. Nc3 Be7 5. e3 O-O 6. Qc2 c5 7. cxd5 exd5 8.
dxc5 Bxc5 9. Be2 Nc6 10. a3 a5 11. O-O Qe7 12. Rd1 Rd8 13. Nb5 Ne4 14. Nbd4 Bg4
15. Nxc6 bxc6 16. Nd4 Bd7 17. Bd3 Rdc8 18. Bxe4 dxe4 19. Bd2 Bd6 20. Ne2 Bg4
21. Bc3 Bc7 22. Rd2 c5 23. Ng3 Re8 24. h3 Bc8 25. Rad1 h6 26. Qa4 Bxg3 27.
Qxe8+ Qxe8 28. Rd8 Bxh3 29. Rxe8+ Rxe8 30. fxg3 Bg4 31. Rd5 a4 32. Rxc5 f6 33.
Rc7 Bd1 34. Bd4 Rd8 35. Kf2 Rd5 36. Rc5 Rd7 37. Ra5 Bb3 38. Ra8+ Kh7 39. Ra5
Kg6 40. Rc5 h5 41. Ra5 Rd8 42. Rc5 Rh8 43. Ra5 Rd8 44. Rc5 Rd5 45. Rxd5 Bxd5
46. Bc3 Kf5 47. Ba5 Kg4 48. Bc7 g5 49. Bd6 f5 50. Bc7 h4 51. gxh4 Kxh4 52. g3+
Kg4 53. Bd6 1/2-1/2

[Event "Open A"]
[Site "Panevezys"]
[Date "2008.08.14"]
[Round "4.8"]
[White "Rudys, Arunas"]
[Black "Lasinskas, Povilas"]
[Result "0-1"]
[WhiteElo "2065"]
[BlackElo "2269"]
[PlyCount "72"]
[EventDate "2008.08.12"]

1. d4 Nf6 2. c4 e6 3. Nf3 Bb4+ 4. Nbd2 a5 5. g3 b6 6. Bg2 Bb7 7. O-O Bxd2 8.
Bxd2 O-O 9. Re1 d6 10. Rc1 Nbd7 11. h3 Qe7 12. b3 Rfe8 13. Bc3 e5 14. dxe5 dxe5
15. Nh4 Bxg2 16. Nxg2 Nc5 17. Qc2 Qe6 18. g4 Nxg4 19. hxg4 Qxg4 20. f3 Qh5 21.
Kf2 e4 22. Bd4 Re6 23. Bxc5 Qxc5+ 24. e3 exf3 25. Nf4 Re7 26. Nd5 Re5 27. Rg1
Kh8 28. Rh1 h6 29. Qd3 Rae8 30. Rce1 c6 31. Nf4 Re4 32. Kxf3 Qf5 33. Qd6 R8e6
34. Qb8+ Kh7 35. Ke2 Rxf4 36. Qxb6 Rf2+ 0-1

[Event "Open A"]
[Site "Panevezys"]
[Date "2008.08.14"]
[Round "4.9"]
[White "Rogule, Laura"]
[Black "Gabrilavicius, Arunas"]
[Result "0-1"]
[WhiteElo "2265"]
[BlackElo "2123"]
[PlyCount "108"]
[EventDate "2008.08.12"]

1. c4 Nf6 2. Nc3 e6 3. e4 d5 4. e5 d4 5. exf6 dxc3 6. bxc3 Qxf6 7. Nf3 c5 8.
Be2 Nc6 9. O-O e5 10. Re1 Bd6 11. d4 O-O 12. Bg5 Qg6 13. Bd3 Bf5 14. Nh4 Qxg5
15. Nxf5 Rad8 16. d5 Ne7 17. Nxe7+ Qxe7 18. f4 f5 19. fxe5 Bxe5 20. Qc2 Qd6 21.
Bxf5 Bxh2+ 22. Kh1 Bg3 23. Be6+ Kh8 24. Rf1 Qe7 25. Qe4 Qg5 26. Rf3 Rf4 27.
Rxf4 Bxf4 28. Rf1 Rf8 29. Rf3 Qh6+ 30. Bh3 g5 31. Qe6 Qg7 32. g3 Bd6 33. Re3
Rf6 34. Qxd6 Rxd6 35. Re8+ Qg8 36. Rxg8+ Kxg8 37. Kg2 Kg7 38. Kf3 Kf6 39. Ke4
h5 40. Bc8 b6 41. a4 Rd8 42. Ba6 Re8+ 43. Kf3 Re1 44. Bc8 Ke5 45. Ba6 Rc1 46.
Bb5 Rxc3+ 47. Kg2 Rd3 48. Be8 Rd4 49. Bb5 Ke4 50. Kf2 Rd2+ 51. Ke1 Ke3 52. Be8
h4 53. gxh4 gxh4 54. Bd7 Rc2 0-1

[Event "Open A"]
[Site "Panevezys"]
[Date "2008.08.14"]
[Round "4.10"]
[White "Rumiancev, Boris"]
[Black "Laurusaite, Brigita"]
[Result "0-1"]
[WhiteElo "2153"]
[BlackElo "2039"]
[PlyCount "84"]
[EventDate "2008.08.12"]

1. d4 d5 2. Nf3 Nf6 3. g3 Bg4 4. Bg2 c6 5. O-O Nbd7 6. b3 e6 7. Bb2 Qc7 8. Nbd2
Bd6 9. c4 O-O 10. Rc1 Rfe8 11. h3 Bh5 12. a3 Rac8 13. c5 Bf8 14. b4 b6 15. cxb6
axb6 16. g4 Bg6 17. Nh4 Be4 18. Nxe4 Nxe4 19. Nf3 Qb7 20. Nd2 Nxd2 21. Qxd2 b5
22. Qc2 Nb6 23. Ra1 Ra8 24. Bc3 Ra6 25. Ra2 Rea8 26. Rfa1 Qa7 27. e3 Nc4 28.
Bf1 Nxa3 29. Qc1 Ra4 30. Be1 Qa6 31. Be2 Nc4 32. Bxc4 dxc4 33. Rxa4 bxa4 34.
Qa3 Qb5 35. Kg2 e5 36. Qc3 exd4 37. exd4 Rb8 38. Qf3 Ra8 39. Bd2 Qd5 40. Qxd5
cxd5 41. Ra3 f6 42. Ra2 Kf7 0-1

[Event "Open A"]
[Site "Panevezys"]
[Date "2008.08.14"]
[Round "4.12"]
[White "Milasevicius, Jonas"]
[Black "Stalemekas, Ernestas"]
[Result "1-0"]
[WhiteElo "2019"]
[BlackElo "2151"]
[PlyCount "59"]
[EventDate "2008.08.12"]

1. Nf3 Nf6 2. d4 g6 3. Bg5 Bg7 4. c3 d6 5. Nbd2 h6 6. Bh4 Nbd7 7. e3 O-O 8. Bd3
Re8 9. O-O c6 10. Qc2 Nf8 11. h3 g5 12. Bg3 Ne6 13. Rad1 c5 14. Ne4 cxd4 15.
Nxf6+ Bxf6 16. Nxd4 Nxd4 17. exd4 Qa5 18. a3 Bd7 19. Rde1 Rac8 20. Qe2 Bg7 21.
f4 gxf4 22. Bxf4 Rc6 23. Bb5 Rc7 24. Bxd7 Rxd7 25. Qg4 e6 26. Bxh6 f5 27. Qg6
Ree7 28. Bg5 Qd5 29. Bxe7 Rxe7 30. Rxf5 1-0

[Event "Open A"]
[Site "Panevezys"]
[Date "2008.08.14"]
[Round "4.13"]
[White "Kalvaitis, Sigitas"]
[Black "Apanaviciute, Kristina"]
[Result "1-0"]
[WhiteElo "2256"]
[BlackElo "1964"]
[PlyCount "73"]
[EventDate "2008.08.12"]

1. e4 e5 2. Nf3 Nf6 3. Nxe5 d6 4. Nf3 Nxe4 5. Nc3 Nf6 6. d4 Be7 7. Bd3 Bg4 8.
h3 Bh5 9. Bf4 O-O 10. g4 Bg6 11. Bxg6 fxg6 12. Qd2 c6 13. O-O-O Nbd7 14. Qe3
Kh8 15. Rde1 Ng8 16. Ne4 Nb6 17. Bg3 Nc4 18. Qd3 b5 19. h4 Qa5 20. Kb1 Rxf3 21.
Qxf3 d5 22. Qc3 b4 23. Qd3 Na3+ 24. bxa3 dxe4 25. Rxe4 bxa3 26. Rhe1 Bb4 27.
Re8 Rxe8 28. Rxe8 Qd5 29. f3 Qf7 30. Rb8 Bf8 31. Be5 Qe7 32. Kc1 c5 33. Qxa3
Qf7 34. Qb3 c4 35. Qb7 Be7 36. Bd6 c3 37. Qxe7 1-0

[Event "Open A"]
[Site "Panevezys"]
[Date "2008.08.14"]
[Round "4.14"]
[White "Narmontas, Raimondas"]
[Black "Kasperavicius, Jokubas"]
[Result "1-0"]
[WhiteElo "2148"]
[BlackElo "1825"]
[PlyCount "65"]
[EventDate "2008.08.12"]

1. e4 d5 2. Nc3 c6 3. e5 Bf5 4. g4 Bd7 5. d4 Qb6 6. a3 a5 7. Na4 Qc7 8. Be3 e6
9. f4 b6 10. Nc3 Ne7 11. Qf3 b5 12. Bd3 g6 13. Nge2 h5 14. h3 Na6 15. Ng3 h4
16. Nf1 Rb8 17. Ne2 c5 18. c3 c4 19. Bc2 Qc8 20. Bf2 Nc7 21. Ne3 b4 22. O-O Nc6
23. axb4 axb4 24. f5 gxf5 25. gxf5 Ne7 26. Nf4 b3 27. Bb1 Bh6 28. Ng4 Ra8 29.
Rxa8 Qxa8 30. Bxh4 Bc8 31. fxe6 fxe6 32. Bxe7 Bxf4 33. Qxf4 1-0

[Event "Open A"]
[Site "Panevezys"]
[Date "2008.08.14"]
[Round "4.15"]
[White "Janusaitis, Mindaugas"]
[Black "Zilinskas, Vaidas"]
[Result "1/2-1/2"]
[WhiteElo "1939"]
[BlackElo "2147"]
[PlyCount "99"]
[EventDate "2008.08.12"]

1. Nf3 g6 2. g3 Bg7 3. Bg2 c5 4. O-O Nc6 5. d3 d5 6. Nbd2 Nf6 7. c3 O-O 8. Re1
Bg4 9. h3 Bd7 10. e4 dxe4 11. dxe4 Qc8 12. Kh2 Rd8 13. Qc2 Qc7 14. Nc4 b5 15.
Bf4 Qc8 16. Nce5 Nh5 17. Nxd7 Rxd7 18. Be3 Na5 19. e5 Qc7 20. e6 fxe6 21. Ng5
Rc8 22. Nxe6 Qd6 23. Nxg7 Nxg7 24. Rad1 Qc7 25. Rxd7 Qxd7 26. Rd1 Qe8 27. Rd5
Nf5 28. Rxc5 Nxe3 29. Rxc8 Qxc8 30. fxe3 Nc4 31. Bd5+ e6 32. Bxc4 Qxc4 33. b3
Qc5 34. Qd2 Qf5 35. c4 bxc4 36. bxc4 a5 37. Qd8+ Kf7 38. Qc7+ Kg8 39. Qb8+ Kg7
40. Qb2+ Kg8 41. Qe2 a4 42. e4 Qe5 43. a3 Qc3 44. Qa2 Qb3 45. Qa1 Qxc4 46. e5
Qb3 47. h4 Qe3 48. Qb2 Qb3 49. Qc1 Kg7 50. Qc5 1/2-1/2